1179 1733 1270 1149 1099 1506 1047 1376 1429 1805 1743 1436 1338 1137 1769 1802 1477 1225 1829 1761 1280 1537 1515 1639 1684 1623 1271 1405 1056 1871 1493 1773 1206 1718 1373 1963 1745 1982 1412 1204 1062 1521 1886 1943 1470 1767 1486 1934 1538 1727 1129 1565 1189 1133 1165 1696 1164 1562 1144 1993 1318 1577 1298 1496 1162 1749 1913 1165 1860 1702 1636 1253 1616 1851 1320 1374 1602 1441 1462 1738 1160 1916 1800 1174 1380 1686 1274 1817 1754 1650 1510 1712 1976 1012 1089 1062 1236 1321 1059 BCNSPRNW ULIB Ver.6.0+V

เปลี่ยนเป็นภาษาไทย

Change to English
 แสดงรายละเอียดบรรณานุกรม
  กลับหน้าหลัก

Brief Record : Get Marc (ISO 2709) : E-mail record : QR code < ปิดหน้าต่าง
LEADER : 00000nam 2200000uu 4500
001    13399125335
003     ULIB
008    170426s2558||||th 000 0 tha d
020    ^a9786163948236
060    ^aWY101 ส825ก
100    ^aสุปาณี เสนาดิสัย และวรรณภา ประไพพานิช
245    ^aการพยาบาลพื้นฐาน
250    ^aพิมพ์ครั้งที่ 13
260    ^aกรุงเทพฯ :^bโรงเรียนพยาบาลรามาธิบดี,^c2558
300    ^a819 หน้า^bภาพประกอบ, ตาราง
650    ^aการพยาบาล
945    ^p0^l0^i002010
945    ^p0^l0^i002011
945    ^p0^l0^i002012
945    ^p0^l0^i002013
945    ^p0^l0^i002014
945    ^p0^l0^i002015
945    ^p0^l0^i002016
945    ^p0^l0^i002017
945    ^p0^l0^i002018
945    ^p0^l0^i002019
999    ^aวรรณษา ชูชัยมงคล
รายการนี้ยังไม่มีแท็ก
คุณยังไม่ได้ล็อกอิน คุณสามารถมีกิจกรรมร่วมกับเว็บไซต์ได้ แต่ต้องล็อกอินก่อน ::
  ล็อกอิน

รายการสื่อสารสนเทศ

ลำดับที่ ประเภท เลขเรียก/บาร์โค้ด สถานที่ สถานะ
1. วิทยาศาสตร์การแพทย์ และสุขภาพ
หนังสือสำรอง
สถานะ=หนังสือสำรอง
WY101 ส825ก ฉ.1 
  Barcode: 002010
ห้องสมุดวิทยาเขตสวรรค์ประชารักษ์
►หนังสือทั่วไป
บนชั้น
2. วิทยาศาสตร์การแพทย์ และสุขภาพ
วิทยาศาสตร์การแพทย์ และสุขภาพ
WY101 ส825ก ฉ.10 
  Barcode: 002019
ห้องสมุดวิทยาเขตสวรรค์ประชารักษ์
►หนังสือทั่วไป
บนชั้น
3. วิทยาศาสตร์การแพทย์ และสุขภาพ
วิทยาศาสตร์การแพทย์ และสุขภาพ
WY101 ส825ก ฉ.2 
  Barcode: 002011
ห้องสมุดวิทยาเขตสวรรค์ประชารักษ์
►หนังสือทั่วไป
บนชั้น
4. วิทยาศาสตร์การแพทย์ และสุขภาพ
วิทยาศาสตร์การแพทย์ และสุขภาพ
WY101 ส825ก ฉ.3 
  Barcode: 002012
ห้องสมุดวิทยาเขตสวรรค์ประชารักษ์
►หนังสือทั่วไป
บนชั้น
5. วิทยาศาสตร์การแพทย์ และสุขภาพ
วิทยาศาสตร์การแพทย์ และสุขภาพ
WY101 ส825ก ฉ.4 
  Barcode: 002013
ห้องสมุดวิทยาเขตสวรรค์ประชารักษ์
►หนังสือทั่วไป
บนชั้น
6. วิทยาศาสตร์การแพทย์ และสุขภาพ
วิทยาศาสตร์การแพทย์ และสุขภาพ
WY101 ส825ก ฉ.5 
  Barcode: 002014
ห้องสมุดวิทยาเขตสวรรค์ประชารักษ์
►หนังสือทั่วไป
บนชั้น
7. วิทยาศาสตร์การแพทย์ และสุขภาพ
วิทยาศาสตร์การแพทย์ และสุขภาพ
WY101 ส825ก ฉ.6 
  Barcode: 002015
ห้องสมุดวิทยาเขตสวรรค์ประชารักษ์
►หนังสือทั่วไป
บนชั้น
8. วิทยาศาสตร์การแพทย์ และสุขภาพ
วิทยาศาสตร์การแพทย์ และสุขภาพ
WY101 ส825ก ฉ.7 
  Barcode: 002016
ห้องสมุดวิทยาเขตสวรรค์ประชารักษ์
►หนังสือทั่วไป
บนชั้น
9. วิทยาศาสตร์การแพทย์ และสุขภาพ
วิทยาศาสตร์การแพทย์ และสุขภาพ
WY101 ส825ก ฉ.8 
  Barcode: 002017
ห้องสมุดวิทยาเขตสวรรค์ประชารักษ์
►หนังสือทั่วไป
บนชั้น
10. วิทยาศาสตร์การแพทย์ และสุขภาพ
วิทยาศาสตร์การแพทย์ และสุขภาพ
WY101 ส825ก ฉ.9 
  Barcode: 002018
ห้องสมุดวิทยาเขตสวรรค์ประชารักษ์
►หนังสือทั่วไป
บนชั้น

รายการใกล้เคียง
    ชื่อเรื่อง [การพยาบาลพื้นฐาน]

    ผู้แต่ง [สุปาณี เสนาดิสัย และวรรณภา ประไพพานิช]

    หัวเรื่อง [การพยาบาล]

BibComment


ยังไม่เคยถูกคอมเมนท์

คอมเมนท์ทรัพยากรรายการนี้
  คอมเมนท์: การพยาบาลพื้นฐาน


 Copyright 2026. Bcnsprnw @Library